000 00674nam a2200277Ia 4500
005 20260324144042.0
008 008 260324s9999 xx 000 0 eng d
020 _a9780203776551
037 _aEBOOK
040 _aCRL
040 _beng
040 _cCRL
041 _2eng
041 _aeng
084 _qCRL
100 _aJames F. Masterson, M.D.; Ralph Klein, M.D.
_91210788
245 0 _aPsychotherapy of the Disorders of the Self
260 _bTaylor and Francis
260 _c1989
365 _a
365 _b195
856 _uhttp://www.taylorfrancis.com/books/9780203776551
942 _cEBOOK
999 _c1824047
_d1824047